| 000 | 01035nam a2200241Ia 4500 | ||
|---|---|---|---|
| 999 |
_c36551 _d36551 |
||
| 001 | 2470 | ||
| 003 | GE_BSU | ||
| 005 | 20210408115956.0 | ||
| 008 | 181216s2003||||ge |||||||||||||| ||geo|| | ||
| 020 | _a9994072285 | ||
| 041 | _ageo | ||
| 080 | _a070(075.8)+316.77 | ||
| 100 |
_aსურგულაძე,რ _911178 |
||
| 245 |
_aმასობრივი კომუნიკაცია: _bთეორიის საკითხები / _cრ.სურგულაძე, ე. იბერი [რედ. რევაზ ჯორბენაძე] |
||
| 264 |
_aთბილისი, _c2003. |
||
| 300 |
_a300გვ. ; _b 20 სმ. |
||
| 504 | _aბიბლიოგრ.: გვ. 295. | ||
| 653 | _aმასობრივი კომუნიკაცია : თეორიის საკითხები | ||
| 653 | _aჟურნალისტიკა | ||
| 700 |
_aიბერი,ე _911179 |
||
| 700 |
_aჯორბენაძე, რ _eრედაქტორი _911180 |
||
| 942 |
_cBK _2udc |
||